| 000 | 00403nam a2200145Ia 4500 | ||
|---|---|---|---|
| 008 | 220217s9999||||xx |||||||||||||| ||und|| | ||
| 020 | _a9789332550445 | ||
| 082 | _a537.6 GRI | ||
| 100 |
_aGriffiths, David, J _92913 |
||
| 245 | 0 | _aIntroduction to electrodynamics | |
| 250 | _a4 | ||
| 260 |
_aPearson education of asia _bNew Delhi _c2018 |
||
| 300 |
_a604p. _b469 |
||
| 650 |
_aField theory _912971 |
||
| 999 |
_c188339 _d188339 |
||